000 00480cam a22001097a 4500
008 180718b1979 xxu||||| |||| 00| 0 eng d
082 _aYA Un3a
245 _aIntroduction to policy analysis in science and technology
_cby United Nations Educational, Scientific and Cultural Organisation
260 _aParis
_bUnited Nations Educational, Scientific and Cultural Organisation
_c1979
300 _a92p.
700 _aFrance. United Nations Educational, Scientific and Cultural Organisation
999 _c499239
_d499239